000 00590nam a2200217Ia 4500
003 OSt
005 20220928133124.0
006 a|||||r|||| 00| 0
007 ta
008 220927b |||||||| |||| 00| 0 eng d
024 _a25541
037 _cTextual
040 _aSDCL
_cSDCL
_beng
041 _2eng
_aeng
082 _aQ11:211, L3.1
100 _aSwami Dayanand Saraswati
_9484537
245 0 _aRigveda- bhashyam.
260 _aHaryana
_bChoudhary Pratap Singh
_c1973
942 _hQ11:211, L3.1
_cTEXL
_2CC
999 _c797973
_d797973